Giáo trình tín dụng ngân hàng
Shranjeno v:
| Glavni avtor: | |
|---|---|
| Format: | Knjiga |
| Jezik: | Vietnamese |
| Izdano: |
Thống kê
2013
|
| Oznake: |
Označite
Brez oznak, prvi označite!
|
| Thư viện lưu trữ: | Mạng thư viện Đại học Đà Nẵng |
|---|
| LEADER | 00629nam a2200253 4500 | ||
|---|---|---|---|
| 001 | 000020337 | ||
| 003 | 16782 | ||
| 005 | 20150316130331.0 | ||
| 008 | 150316s2013 viesd | ||
| 020 | |c 92000 | ||
| 041 | 0 | |a vie | |
| 082 | 1 | 4 | |a 332.7 |b NG-T |
| 100 | 1 | |a Nguyễn Văn Tiến | |
| 245 | 1 | 0 | |a Giáo trình tín dụng ngân hàng |c Nguyễn Văn Tiến |
| 260 | |b Thống kê |c 2013 | ||
| 300 | |a tr. |c cm. | ||
| OWN | |a LSP | ||
| 999 | |a From the UDN01 | ||
| TYP | |a Monograph | ||
| TYP | |a Printed language | ||
| 980 | |a Mạng thư viện Đại học Đà Nẵng | ||